Thal Darya / (Record no. 524831)

000 -LEADER
fixed length control field 00421nam a22001697a 4500
003 - CONTROL NUMBER IDENTIFIER
control field NUST
020 ## - INTERNATIONAL STANDARD BOOK NUMBER
International Standard Book Number -
038 ## - RECORD CONTENT LICENSOR
Staff Name Zafar Malik
082 ## - DEWEY DECIMAL CLASSIFICATION NUMBER
Classification number 891.4391092
Author Mark FAI
100 ## - MAIN ENTRY--PERSONAL NAME
Personal name Fairooz, Muhammad Shah
9 (RLIN) 15622
245 ## - TITLE STATEMENT
Title Thal Darya /
Statement of responsibility, etc. Muhammad Fairooz Shah
300 ## - PHYSICAL DESCRIPTION
Extent 120 p. ;
500 ## - GENERAL NOTE
General note Hardcover
880 ## - ALTERNATE GRAPHIC REPRESENTATION
Linkage 100-02\r
Title محمد فیروز شاہ
880 ## - ALTERNATE GRAPHIC REPRESENTATION
Linkage 245-02\r
Title تھل دریا
942 ## - ADDED ENTRY ELEMENTS (KOHA)
Source of classification or shelving scheme
Koha item type Book
Holdings
Withdrawn status Lost status Source of classification or shelving scheme Damaged status Not for loan Permanent Location Current Location Shelving location Date acquired Total Checkouts Full call number Barcode Date last seen Price effective from Koha item type
          Central Library (CL) Central Library (CL) Punjabi Literature 06/26/2019   891.4391092 FAI CL-E-557 06/26/2019 06/26/2019 Book
© 2023 Central Library, National University of Sciences and Technology. All Rights Reserved.